000 00750nam a2200289Ia 4500
005 20260324122841.0
008 008 260324s9999 xx 000 0 eng d
020 _a9780203325988
037 _aEBOOK
040 _aCRL
040 _beng
040 _cCRL
041 _2eng
041 _aeng
084 _qCRL
100 _aSlim Masmoudi; David Yun Dai; Abdelmajid Naceur
_91168061
245 0 _aAttention, Representation, and Human Performance
245 0 _bIntegration of Cognition, Emotion, and Motivation
260 _bTaylor and Francis
260 _c2012
365 _a
365 _b230
856 _uhttp://www.taylorfrancis.com/books/9780203325988
942 _cEBOOK
999 _c1761102
_d1761102